[Event "dgcs"]
[Site "Ostrow Wielkopolski"]
[Date "2019.10.04"]
[Round "9.1"]
[White "Krzywda, Andrzej"]
[Black "Dudzinski, Pawel"]
[Result "1-0"]
[BlackElo "2188"]
[WhiteElo "2067"]
[LiveChessVersion "1.4.8"]

1. d4 {[%clk 0:10:04]} d5 {[%clk 0:10:04]} 2. c4 {[%clk 0:10:05]} Nf6
{[%clk 0:10:06]} 3. cxd5 {[%clk 0:09:56]} Nxd5 {[%clk 0:10:03]} 4. e4
{[%clk 0:09:50]} Nb6 {[%clk 0:10:00]} 5. Nc3 {[%clk 0:09:40]} e6 {[%clk 0:10:02]}
6. Nf3 {[%clk 0:09:28]} c5 {[%clk 0:09:56]} 7. Be3 {[%clk 0:09:17]} cxd4
{[%clk 0:09:52]} 8. Nxd4 {[%clk 0:09:08]} g6 {[%clk 0:09:02]} 9. Ndb5
{[%clk 0:08:20]} Be7 {[%clk 0:08:25]} 10. Qxd8+ {[%clk 0:08:06]} Bxd8
{[%clk 0:08:21]} 11. Nd6+ {[%clk 0:06:26]} Ke7 {[%clk 0:08:22]} 12. Bc5 Kf6 13.
Nxc8 {[%clk 0:03:41]} Nxc8 {[%clk 0:08:25]} 14. Bd4+ {[%clk 0:03:30]} e5
{[%clk 0:08:09]} 15. Nd5+ {[%clk 0:03:30]} Ke6 {[%clk 0:06:56]} 16. Bc3
{[%clk 0:03:30]} Nd6 {[%clk 0:06:53]} 17. Bd3 {[%clk 0:02:45]} Nc6
{[%clk 0:06:48]} 18. f4 {[%clk 0:02:33]} Re8 {[%clk 0:04:29]} 19. O-O-O
{[%clk 0:02:15]} Rc8 {[%clk 0:03:33]} 20. Kb1 {[%clk 0:02:04]} f6
{[%clk 0:03:01]} 21. Rhf1 {[%clk 0:01:27]} Be7 {[%clk 0:02:11]} 22. Bc2
{[%clk 0:01:20]} Rf8 {[%clk 0:01:20]} 23. Bb3 {[%clk 0:01:08]} Kd7
{[%clk 0:01:22]} 24. Ba4 {[%clk 0:00:44]} b5 {[%clk 0:00:53]} 25. Bb3
{[%clk 0:00:32]} a5 {[%clk 0:00:50]} 26. Nb6+ {[%clk 0:00:33]} Kc7
{[%clk 0:00:47]} 27. Nxc8 {[%clk 0:00:34]} Rxc8 {[%clk 0:00:40]} 28. fxe5 fxe5
{[%clk 0:00:26]} 29. Bd5 b4 30. Bd2 {[%clk 0:00:28]} Nd4 {[%clk 0:00:16]} 31.
Rc1+ {[%clk 0:00:29]} Kd7 {[%clk 0:00:16]} 32. Rxc8 {[%clk 0:00:28]} Kxc8
{[%clk 0:00:19]} 33. Be3 {[%clk 0:00:26]} Kd7 {[%clk 0:00:17]} 34. Rd1
{[%clk 0:00:20]} Ne6 {[%clk 0:00:15]} 35. g3 {[%clk 0:00:15]} Ng5
{[%clk 0:00:12]} 36. h4 {[%clk 0:00:13]} Ne6 {[%clk 0:00:13]} 37. Kc2
{[%clk 0:00:09]} Nc7 {[%clk 0:00:12]} 38. Bg8 {[%clk 0:00:08]} Ke8
{[%clk 0:00:06]} 39. Bxh7 {[%clk 0:00:09]} Kf7 {[%clk 0:00:09]} 40. h5
{[%clk 0:00:10]} gxh5 {[%clk 0:00:10]} 41. Rf1+ {[%clk 0:00:06]} Kg7
{[%clk 0:00:12]} 42. Bf5 {[%clk 0:00:08]} Ncb5 {[%clk 0:00:13]} 43. Kd3
{[%clk 0:00:07]} Bf6 {[%clk 0:00:13]} 44. Bc5 {[%clk 0:00:09]} Nf7
{[%clk 0:00:15]} 45. Be6 {[%clk 0:00:10]} Ng5 {[%clk 0:00:17]} 46. Bc4
{[%clk 0:00:11]} Nc7 {[%clk 0:00:19]} 47. Bb6 {[%clk 0:00:12]} Nce6
{[%clk 0:00:20]} 48. Bxe6 {[%clk 0:00:13]} Nxe6 {[%clk 0:00:22]} 49. Bxa5
{[%clk 0:00:14]} Nc5+ {[%clk 0:00:24]} 50. Kc4 {[%clk 0:00:13]} Nxe4 51. Rg1
{[%clk 0:00:10]} Nd2+ {[%clk 0:00:26]} 52. Kxb4 {[%clk 0:00:09]} e4
{[%clk 0:00:27]} 53. b3 {[%clk 0:00:07]} e3 {[%clk 0:00:29]} 54. Bb6
{[%clk 0:00:07]} Nf3 {[%clk 0:00:28]} 55. Bxe3 {[%clk 0:00:08]} Nxg1
{[%clk 0:00:30]} 56. Bxg1 {[%clk 0:00:10]} Be5 {[%clk 0:00:30]} 57. Bf2
{[%clk 0:00:11]} Kf7 {[%clk 0:00:32]} 58. Kc5 {[%clk 0:00:13]} Ke8
{[%clk 0:00:33]} 59. Kc6 {[%clk 0:00:15]} Kd8 {[%clk 0:00:34]} 60. a4
{[%clk 0:00:15]} Kc8 {[%clk 0:00:36]} 61. b4 {[%clk 0:00:17]} Bc3
{[%clk 0:00:24]} 62. b5 {[%clk 0:00:18]} Kb8 {[%clk 0:00:24]} 63. Be3
{[%clk 0:00:19]} Be1 {[%clk 0:00:21]} 64. Bf4+ Ka8 65. b6 {[%clk 0:00:19]} 1-0

[Event "dgcs"]
[Site "Ostrow Wielkopolski"]
[Date "2019.10.04"]
[Round "9.2"]
[White "Plichta, Kamil"]
[Black "Janaszak, Dawid"]
[Result "0-1"]
[BlackElo "2256"]
[WhiteElo "2409"]
[LiveChessVersion "1.4.8"]

1. d4 {[%clk 0:10:03]} Nf6 {[%clk 0:10:05]} 2. Bg5 {[%clk 0:10:04]} Ne4
{[%clk 0:10:03]} 3. h4 {[%clk 0:10:06]} d5 {[%clk 0:10:04]} 4. Nd2
{[%clk 0:10:08]} Bf5 {[%clk 0:09:52]} 5. Nxe4 {[%clk 0:10:08]} Bxe4
{[%clk 0:09:47]} 6. f3 {[%clk 0:10:10]} Bf5 {[%clk 0:09:47]} 7. g4
{[%clk 0:10:06]} Bd7 {[%clk 0:09:23]} 8. h5 {[%clk 0:09:22]} h6 {[%clk 0:09:24]}
9. Bf4 {[%clk 0:09:20]} c5 {[%clk 0:09:19]} 10. dxc5 {[%clk 0:08:52]} e6
{[%clk 0:08:54]} 11. e4 {[%clk 0:07:58]} Bxc5 {[%clk 0:08:43]} 12. Qd2
{[%clk 0:06:55]} Qb6 {[%clk 0:08:41]} 13. Ne2 {[%clk 0:06:22]} Qxb2
{[%clk 0:08:34]} 14. Rd1 {[%clk 0:06:20]} Nc6 {[%clk 0:06:21]} 15. c3
{[%clk 0:06:22]} Qb6 {[%clk 0:06:20]} 16. Nc1 {[%clk 0:05:39]} e5
{[%clk 0:05:37]} 17. Bg3 {[%clk 0:05:28]} Nd4 {[%clk 0:04:30]} 18. Bg2
{[%clk 0:05:05]} Ba4 {[%clk 0:04:22]} 19. Nb3 {[%clk 0:04:51]} Nxb3
{[%clk 0:04:14]} 20. axb3 {[%clk 0:04:41]} Qxb3 {[%clk 0:04:14]} 21. Ra1
{[%clk 0:04:21]} dxe4 {[%clk 0:03:40]} 22. Bxe5 {[%clk 0:03:35]} Rd8
{[%clk 0:03:40]} 23. Qc1 {[%clk 0:03:37]} exf3 {[%clk 0:03:04]} 24. Bxf3
{[%clk 0:03:31]} O-O {[%clk 0:03:01]} 25. Kf1 {[%clk 0:02:40]} Rfe8
{[%clk 0:03:03]} 26. Qf4 {[%clk 0:02:29]} Qb2 {[%clk 0:02:43]} 27. Rh2
{[%clk 0:02:16]} Qxa1+ {[%clk 0:02:43]} 28. Kg2 {[%clk 0:02:18]} Qg1+
{[%clk 0:02:36]} 29. Kh3 {[%clk 0:02:20]} Qf1+ {[%clk 0:02:33]} 30. Rg2
{[%clk 0:02:16]} Rd3 {[%clk 0:02:08]} 31. Qxa4 {[%clk 0:02:12]} Rxf3+
{[%clk 0:01:56]} 32. Bg3 {[%clk 0:02:13]} Re2 {[%clk 0:01:39]} 33. Qe8+
{[%clk 0:02:10]} Rxe8 0-1

[Event "dgcs"]
[Site "Ostrow Wielkopolski"]
[Date "2019.10.04"]
[Round "9.3"]
[White "Andrejczuk, Beata"]
[Black "Budrewicz, Krzysztof"]
[Result "0-1"]
[BlackElo "2336"]
[WhiteElo "1981"]
[LiveChessVersion "1.4.8"]

1. e4 {[%clk 0:10:04]} c5 {[%clk 0:10:04]} 2. Nc3 {[%clk 0:10:06]} Nc6
{[%clk 0:10:01]} 3. f4 {[%clk 0:10:07]} e6 {[%clk 0:09:47]} 4. Nf3
{[%clk 0:10:08]} d5 {[%clk 0:09:48]} 5. e5 {[%clk 0:10:07]} Nge7 {[%clk 0:09:41]}
6. g3 {[%clk 0:10:05]} Nf5 {[%clk 0:09:38]} 7. Bg2 {[%clk 0:10:01]} h5
{[%clk 0:09:39]} 8. O-O {[%clk 0:09:31]} h4 {[%clk 0:09:31]} 9. g4
{[%clk 0:09:30]} h3 {[%clk 0:09:30]} 10. Bh1 {[%clk 0:09:30]} Nh4
{[%clk 0:09:26]} 11. Ng5 {[%clk 0:09:22]} c4 {[%clk 0:09:25]} 12. Nxh3
{[%clk 0:08:38]} Bc5+ {[%clk 0:09:21]} 13. Nf2 {[%clk 0:08:38]} Ng6
{[%clk 0:09:23]} 14. Qf3 {[%clk 0:07:23]} Nd4 {[%clk 0:08:56]} 15. Qg3
{[%clk 0:07:19]} Nxc2 {[%clk 0:08:56]} 16. Rb1 {[%clk 0:07:03]} Nb4
{[%clk 0:08:42]} 17. f5 {[%clk 0:06:27]} exf5 {[%clk 0:08:36]} 18. gxf5
{[%clk 0:05:58]} Bxf5 {[%clk 0:08:37]} 19. a3 {[%clk 0:05:42]} Nd3
{[%clk 0:08:03]} 20. Bxd5 {[%clk 0:05:39]} Qh4 {[%clk 0:07:33]} 21. b4
{[%clk 0:04:01]} Qxg3+ {[%clk 0:07:16]} 22. hxg3 {[%clk 0:04:03]} Bxf2+
{[%clk 0:07:17]} 23. Rxf2 {[%clk 0:04:03]} Nxf2 {[%clk 0:07:19]} 24. Kxf2
{[%clk 0:04:04]} Bxb1 {[%clk 0:07:20]} 0-1

[Event "dgcs"]
[Site "Ostrow Wielkopolski"]
[Date "2019.10.04"]
[Round "9.4"]
[White "Przybylski, Wojciech"]
[Black "Bobrowski, Piotr"]
[Result "1-0"]
[BlackElo "1905"]
[WhiteElo "2286"]
[LiveChessVersion "1.4.8"]

1. e4 {[%clk 0:10:04]} g6 {[%clk 0:10:05]} 2. d4 {[%clk 0:10:05]} Bg7
{[%clk 0:10:08]} 3. Nc3 {[%clk 0:10:05]} e6 {[%clk 0:10:10]} 4. Nf3 Ne7 5. Be3
{[%clk 0:10:02]} O-O {[%clk 0:10:13]} 6. Qd2 {[%clk 0:10:02]} d5 {[%clk 0:10:14]}
7. e5 {[%clk 0:10:00]} b6 {[%clk 0:10:08]} 8. Bg5 {[%clk 0:09:47]} Nd7
{[%clk 0:09:21]} 9. O-O-O {[%clk 0:09:36]} a6 {[%clk 0:09:05]} 10. h4
{[%clk 0:09:35]} f6 {[%clk 0:08:19]} 11. exf6 {[%clk 0:09:18]} Nxf6
{[%clk 0:08:16]} 12. Ne5 {[%clk 0:09:14]} Qe8 {[%clk 0:07:44]} 13. Bd3
{[%clk 0:09:07]} c5 {[%clk 0:07:38]} 14. h5 {[%clk 0:08:34]} gxh5
{[%clk 0:07:24]} 15. g4 {[%clk 0:07:25]} cxd4 {[%clk 0:07:07]} 16. Ne2
{[%clk 0:07:13]} Ne4 {[%clk 0:06:52]} 17. Bxe4 {[%clk 0:07:03]} dxe4
{[%clk 0:06:37]} 18. Nc4 {[%clk 0:06:32]} b5 {[%clk 0:06:06]} 19. Nd6
{[%clk 0:06:29]} Qd7 {[%clk 0:06:08]} 20. Nxe4 {[%clk 0:06:25]} Bb7
{[%clk 0:06:05]} 21. Nc5 {[%clk 0:06:04]} Qc7 {[%clk 0:05:56]} 22. Nxb7
{[%clk 0:05:50]} Qxb7 {[%clk 0:05:58]} 23. Rxh5 {[%clk 0:05:05]} Rxf2
{[%clk 0:05:36]} 24. Qd3 {[%clk 0:04:47]} Ng6 {[%clk 0:05:02]} 25. Nxd4
{[%clk 0:03:57]} Rd8 {[%clk 0:04:58]} 26. Bxd8 {[%clk 0:03:55]} Qg2
{[%clk 0:04:32]} 27. Nxe6 {[%clk 0:03:45]} Qxg4 {[%clk 0:04:18]} 28. Nxg7
{[%clk 0:03:42]} Kxg7 {[%clk 0:04:16]} 29. Qd4+ {[%clk 0:03:37]} Qxd4
{[%clk 0:04:17]} 30. Rxd4 {[%clk 0:03:37]} Nf4 {[%clk 0:04:00]} 31. Rg5+
{[%clk 0:03:27]} Kh6 {[%clk 0:03:46]} 32. Rd6+ {[%clk 0:03:21]} Ng6
{[%clk 0:03:47]} 33. Rg1 {[%clk 0:03:17]} Kg7 {[%clk 0:03:43]} 34. Rd2
{[%clk 0:03:13]} Rf8 {[%clk 0:03:42]} 35. Ba5 {[%clk 0:03:12]} h5
{[%clk 0:03:43]} 36. Rd6 {[%clk 0:03:11]} Rf6 {[%clk 0:03:40]} 37. Bc3
{[%clk 0:03:12]} 1-0

[Event "dgcs"]
[Site "Ostrow Wielkopolski"]
[Date "2019.10.04"]
[Round "9.5"]
[White "Jedynak, Radoslaw"]
[Black "Delega, Tomasz"]
[Result "1-0"]
[BlackElo "2004"]
[WhiteElo "2382"]
[LiveChessVersion "1.4.8"]

1. d4 {[%clk 0:10:05]} c5 {[%clk 0:10:02]} 2. d5 {[%clk 0:10:07]} d6
{[%clk 0:10:03]} 3. e4 {[%clk 0:10:08]} e5 {[%clk 0:10:03]} 4. Nc3
{[%clk 0:10:08]} Be7 {[%clk 0:10:05]} 5. Nf3 {[%clk 0:10:04]} Bg4
{[%clk 0:10:06]} 6. Be2 {[%clk 0:10:06]} Bxf3 {[%clk 0:10:08]} 7. Bxf3
{[%clk 0:10:08]} Bg5 {[%clk 0:10:09]} 8. Bxg5 {[%clk 0:10:09]} Qxg5
{[%clk 0:10:10]} 9. Qe2 {[%clk 0:10:04]} a6 {[%clk 0:10:09]} 10. O-O
{[%clk 0:10:00]} Nd7 {[%clk 0:10:06]} 11. g3 {[%clk 0:10:01]} Qd8
{[%clk 0:09:46]} 12. Bg2 {[%clk 0:10:01]} Ne7 {[%clk 0:09:47]} 13. f4
{[%clk 0:10:02]} O-O {[%clk 0:09:46]} 14. f5 {[%clk 0:09:58]} f6 {[%clk 0:09:29]}
15. g4 {[%clk 0:10:00]} b5 {[%clk 0:09:18]} 16. h4 {[%clk 0:10:02]} b4
{[%clk 0:08:21]} 17. Nd1 {[%clk 0:10:03]} g6 {[%clk 0:08:23]} 18. Ne3
{[%clk 0:09:48]} gxf5 {[%clk 0:08:19]} 19. exf5 {[%clk 0:09:43]} Kh8
{[%clk 0:08:03]} 20. Be4 {[%clk 0:09:38]} Rg8 {[%clk 0:07:59]} 21. Kh1
{[%clk 0:09:40]} Qf8 {[%clk 0:07:58]} 22. Qh2 {[%clk 0:08:18]} Qh6
{[%clk 0:07:45]} 23. Rf3 {[%clk 0:08:17]} Nb6 {[%clk 0:07:25]} 24. Raf1
{[%clk 0:08:02]} Raf8 {[%clk 0:03:41]} 25. Rh3 Rf7 {[%clk 0:03:19]} 26. Qe2
{[%clk 0:07:01]} Ra8 {[%clk 0:02:57]} 27. Kh2 {[%clk 0:06:50]} Rff8
{[%clk 0:02:18]} 28. Rff3 {[%clk 0:05:08]} Rg8 {[%clk 0:02:11]} 29. Qf2
{[%clk 0:04:37]} Rab8 {[%clk 0:01:56]} 30. Kg2 {[%clk 0:04:31]} c4
{[%clk 0:01:44]} 31. Kf1 {[%clk 0:04:31]} Rbc8 {[%clk 0:01:42]} 32. Ke1
{[%clk 0:04:29]} Rc5 {[%clk 0:01:44]} 33. g5 {[%clk 0:03:39]} fxg5
{[%clk 0:01:21]} 34. Ng4 {[%clk 0:03:38]} Qf8 {[%clk 0:01:09]} 35. hxg5
{[%clk 0:03:40]} Nbxd5 {[%clk 0:00:58]} 36. Qh4 {[%clk 0:02:56]} Qg7
{[%clk 0:00:48]} 37. f6 {[%clk 0:02:50]} Qf7 1-0

[Event "dgcs"]
[Site "Ostrow Wielkopolski"]
[Date "2019.10.04"]
[Round "9.6"]
[White "Wilgosz, Tomasz"]
[Black "Lewandowski, Krzysztof"]
[Result "0-1"]
[BlackElo "2081"]
[WhiteElo "1602"]
[LiveChessVersion "1.4.8"]

1. e4 {[%clk 0:10:04]} Nf6 {[%clk 0:10:04]} 2. e5 {[%clk 0:10:05]} Nd5
{[%clk 0:10:05]} 3. d4 {[%clk 0:10:07]} d6 {[%clk 0:10:06]} 4. f4
{[%clk 0:10:05]} dxe5 {[%clk 0:10:07]} 5. dxe5 {[%clk 0:10:06]} Bf5
{[%clk 0:09:53]} 6. a3 {[%clk 0:09:27]} Nc6 {[%clk 0:09:48]} 7. Nf3
{[%clk 0:09:23]} e6 {[%clk 0:09:43]} 8. Bb5 {[%clk 0:08:58]} a6 {[%clk 0:08:52]}
9. Bxc6+ {[%clk 0:08:17]} bxc6 {[%clk 0:08:52]} 10. Nd4 {[%clk 0:08:00]} Qh4+
{[%clk 0:08:51]} 11. g3 {[%clk 0:07:51]} Qh3 {[%clk 0:08:50]} 12. Qe2
{[%clk 0:07:10]} Bc5 {[%clk 0:08:24]} 13. Nxf5 {[%clk 0:06:51]} Qxf5
{[%clk 0:06:39]} 14. b4 {[%clk 0:06:36]} Be7 {[%clk 0:06:14]} 15. c4
{[%clk 0:06:06]} Nb6 {[%clk 0:06:07]} 16. Nc3 {[%clk 0:05:42]} O-O
{[%clk 0:05:51]} 17. O-O {[%clk 0:05:24]} Rfd8 {[%clk 0:05:37]} 18. Be3
{[%clk 0:04:46]} Qd3 {[%clk 0:05:25]} 19. c5 {[%clk 0:03:52]} Nc4
{[%clk 0:04:30]} 20. Rfe1 {[%clk 0:02:17]} Qxc3 {[%clk 0:04:28]} 21. Rac1
{[%clk 0:02:18]} Qxe3+ {[%clk 0:04:29]} 22. Qxe3 {[%clk 0:02:01]} Nxe3
{[%clk 0:04:30]} 23. Rxe3 {[%clk 0:02:03]} a5 {[%clk 0:04:31]} 24. Rb3
{[%clk 0:01:50]} axb4 {[%clk 0:04:31]} 25. axb4 {[%clk 0:01:52]} Rab8
{[%clk 0:04:22]} 26. Rc2 {[%clk 0:01:49]} Rb5 {[%clk 0:03:54]} 27. Kf2
{[%clk 0:01:49]} Rdb8 {[%clk 0:03:54]} 28. Rd3 {[%clk 0:01:17]} Rxb4
{[%clk 0:03:49]} 29. Rd7 {[%clk 0:01:18]} Bf8 {[%clk 0:03:43]} 30. Rxc7
{[%clk 0:01:19]} Rb2 {[%clk 0:03:39]} 31. Rxb2 {[%clk 0:01:13]} Rxb2+
{[%clk 0:03:40]} 32. Kf3 {[%clk 0:01:14]} Rxh2 {[%clk 0:03:35]} 33. Rxc6
{[%clk 0:01:15]} Rc2 {[%clk 0:03:36]} 34. Rc8 {[%clk 0:01:07]} Rxc5
{[%clk 0:03:37]} 35. Ra8 {[%clk 0:01:09]} h5 {[%clk 0:03:31]} 36. g4
{[%clk 0:01:09]} Rc3+ {[%clk 0:03:30]} 0-1